| 000 | 00587nam a2200205 a 4500 | ||
|---|---|---|---|
| 008 | |||
| 020 | _a0435452231 (pbk.) | ||
| 049 | _aMAIN | ||
| 090 | _aHF5546BES | ||
| 100 | 1 | _aBessant, Angela | |
| 245 | 1 | 0 |
_aLearning to use office 2000 for new clait and clait plus/ _cAngela Bessant. |
| 260 |
_aOxford : _bHeinemann, _cc2002. |
||
| 300 |
_avi,285 p. : _bill. ; _c30cm.+ _eCD-ROM. |
||
| 650 | _aOffice 2000. | ||
| 907 |
_a.b1021365x _b13-09-06 _c06-09-06 |
||
| 003 | |||
| 005 | 20230123134243.0 | ||
| 040 | _cNUST | ||
| 942 |
_cBOOKS _kHF5546BES |
||
| 999 |
_c162698 _d162698 |
||